000 00551nam a22001577a 4500
999 _c11918
_d11918
008 190111b ||||| |||| 00| 0 eng d
020 _a971-542-288-8
082 _22001
_aDFil 899.211
_bP53
245 _aThe King, the Princess, and the Poor Boy (Tagalog)/
_cDamiana Eugenio [Compiler and Editor]
260 _aQuezon City:
_bUP Press;
_cc2001.
300 _aPage 280-282;
_c23 cm.
500 _aPhilippine folk literature: The folk tales
650 _aFolklore
_933894
650 _aPhilippine folk literature--Collections
_933895
942 _2ddc
_cDFIL